| 000 | 00000nam##2200000za#4500 |
| 001 | 9.640577 |
| 003 | CaOODSP |
| 005 | 20210624222736 |
| 007 | cr ||||||||||| |
| 008 | 150407|2001||||xxc|||||o f|0| 0 fre|d |
| 040 | |aCaOODSP|bfre |
| 043 | |an-cn--- |
| 086 | 1 |aF2-163/2001F-PDF |
| 110 | 1 |aCanada. |bMinistère des finances. |
| 245 | 10|aPropositions législative et réglementaires concernant les provisions de bord : |h[ressource électronique]|bavis de motion de voies et moyens, avant-projet de règlement et notes explicatives / |cpublié par le ministre du Revenu national, l'honorable Martin Cauchon, et le secrétaire d'État (institutions financières internationales) l'honorable Jim Peterson. |
| 260 | |aOttawa - Ontario : |bFinances Canada |cSeptembre 2001. |
| 300 | |a35p. |
| 500 | |aLe n° de catalogue (F2-163/2001F) et l'ISBN (0-660-96600-X) de l'édition imprimée ont été incorrectement copiés dans l'édition électronique. |
| 590 | |a12-33-Supp|b2012-07-18 |
| 691 | 07|aDouanes|2gcpds |
| 691 | 07|aLégislation|2gcpds |
| 691 | 07|aNavire|2gcpds |
| 775 | 08|tProposed legislation and regulations relating to ships' stores : |w(CaOODSP)9.696462 |
| 776 | 0#|tPropositions législative et réglementaires concernant les provisions de bord : |w(CaOODSP)9.681638 |
| 856 | 40|ahttp://publications.gc.ca|qPDF|s86 Ko|uhttps://publications.gc.ca/collections/Collection/F2-163-2001F.pdf |